000 00436nam a2200169Ia 4500
003 LK-CoDNM
008 010623t1899 xxu||||| |||| 00| 1 eng d
040 _aLK-CoDNM
_dLK-CoDNM
_eLK-CoDNM
041 _aeng
080 _a8 P 18
100 _aThurston,Edgar.
245 _aMadras Government Museum : Anthropology
260 _bGovernment Press
_aMadras
_c1899
300 _b66p,pl., 21 cm
650 _aDravidian Problem
942 _cBK
999 _c84764
_d84764